[Event "FICGS rapid B 000058 email"]
[Site "FICGS email"]
[Date "2007.07.07"]
[Round "1"]
[White "Pech, Matej"]
[Black "Sarihan, Mustafa"]
[Result "1-0"]
[WhiteElo "1400"]
[BlackElo "1585"]
[PlyCount "55"]
[EventDate "2007.??.??"]
[EventType "tourn (rapid)"]
[EventRounds "6"]
[SourceTitle "Corr 2022"]
[Source "ChessBase"]
[SourceDate "2021.10.24"]
[SourceVersion "1"]
[SourceVersionDate "2021.10.24"]
[SourceQuality "1"]

1. d4 Nf6 2. c4 e6 3. Nf3 d5 4. Nc3 c6 5. e3 Nbd7 6. Bd3 Bd6 7. 0-0 0-0 8. Qc2 dxc4 9. Bxc4 e5 10. Bb3 Re8 11. Ng5 Rf8 12. dxe5 Bxe5 13. f4 Bxc3 14. bxc3 h6 15. Ba3 c5 16. Nxf7 Rxf7 17. e4 Qa5 18. Bxf7+ Kxf7 19. Qb3+ Ke8 20. e5 c4 21. Qxc4 Qxa3 22. exf6 Nxf6 23. Rad1 Bg4 24. Rde1+ Kf8 25. f5 Bh5 26. h3 Bf7 27. Qc7 b5 28. Qc6 1-0

[Event "FICGS rapid B 000058 email"]
[Site "FICGS email"]
[Date "2007.07.07"]
[Round "1"]
[White "Sarihan, Mustafa"]
[Black "D Ettorre, Rodolfo"]
[Result "1/2-1/2"]
[WhiteElo "1585"]
[BlackElo "1596"]
[PlyCount "105"]
[EventDate "2007.??.??"]
[EventType "tourn (rapid)"]
[EventRounds "6"]
[SourceTitle "Corr 2022"]
[Source "ChessBase"]
[SourceDate "2021.10.24"]
[SourceVersion "1"]
[SourceVersionDate "2021.10.24"]
[SourceQuality "1"]

1. e4 e5 2. Nf3 Nc6 3. Bc4 Nf6 4. Ng5 Bc5 5. Nxf7 Qe7 6. Nxh8 Bxf2+ 7. Kf1 d5 8. exd5 Nd4 9. d6 cxd6 10. c3 Bg4 11. Qa4+ Kf8 12. d3 Nh5 13. Be6 Qxe6 14. Qc4 Bh4 15. Qxe6 Nxe6 16. g3 Bxg3 17. hxg3 Nxg3+ 18. Kg2 Nxh1 19. Kxh1 Ke7 20. Be3 Rxh8 21. Nd2 b6 22. a4 d5 23. a5 d4 24. Bg1 b5 25. cxd4 exd4 26. Re1 Kd6 27. Re4 Bf5 28. Re1 Rd8 29. Bh2+ Ke7 30. Nf3 a6 31. Ng5 g6 32. Nxe6 Bxe6 33. Bf4 h6 34. Kg1 g5 35. Be5 h5 36. Re4 Kf7 37. Rxd4 Rxd4 38. Bxd4 h4 39. Bf2 Kg6 40. Kf1 Kh5 41. Bb6 g4 42. Ke2 g3 43. Kf3 Bf5 44. b4 Bxd3 45. Bc5 Bc2 46. Kf4 Be4 47. Ba7 Bd5 48. Bd4 Be6 49. Bb6 Bd5 50. Bd4 Be6 51. Bb6 Bd5 52. Bd4 Be6 53. Bb6 1/2-1/2

[Event "FICGS class C 000049 email"]
[Site "FICGS email"]
[Date "2007.07.01"]
[Round "1"]
[White "Orlov, Sergei"]
[Black "Sarihan, Mustafa"]
[Result "1-0"]
[WhiteElo "1600"]
[BlackElo "1585"]
[PlyCount "55"]
[EventDate "2007.??.??"]
[EventType "tourn (corr)"]
[EventRounds "4"]
[SourceTitle "Corr 2022"]
[Source "ChessBase"]
[SourceDate "2021.10.24"]
[SourceVersion "1"]
[SourceVersionDate "2021.10.24"]
[SourceQuality "1"]

1. e4 e5 2. Nf3 Nf6 3. d4 Nxe4 4. dxe5 Bc5 5. Bc4 Nxf2 6. Bxf7+ Kf8 7. Qd5 Nxh1 8. Bh5 Qe7 9. Bg5 Bf2+ 10. Ke2 Qe6 11. Nc3 h6 12. Bd8 Nc6 13. Bxc7 Ng3+ 14. hxg3 Bxg3 15. Bd6+ Kg8 16. Qe4 Bxe5 17. Nxe5 Nxe5 18. Bxe5 d6 19. Bd4 a5 20. Re1 Qxe4+ 21. Nxe4 Be6 22. Kd3 Bf5 23. Kd2 Rh7 24. Nxd6 g6 25. Bf3 Rd8 26. Nxf5 gxf5 27. c3 a4 28. Re5 1-0

[Event "FICGS class C 000049 email"]
[Site "FICGS email"]
[Date "2007.07.01"]
[Round "1"]
[White "Sarihan, Mustafa"]
[Black "Kis Kos, Laszlo"]
[Result "1/2-1/2"]
[WhiteElo "1585"]
[BlackElo "1610"]
[PlyCount "25"]
[EventDate "2007.??.??"]
[EventType "tourn (corr)"]
[EventRounds "4"]
[SourceTitle "Corr 2022"]
[Source "ChessBase"]
[SourceDate "2021.10.24"]
[SourceVersion "1"]
[SourceVersionDate "2021.10.24"]
[SourceQuality "1"]

1. e4 c5 2. Nf3 d6 3. d4 cxd4 4. Nxd4 Nf6 5. Nc3 a6 6. Be2 e5 7. Nf3 h6 8. 0-0 Be6 9. Be3 Nbd7 10. Re1 Rc8 11. a3 Be7 12. h3 0-0 13. Bd3 1/2-1/2

[Event "FICGS class C 000049 email"]
[Site "FICGS email"]
[Date "2007.07.01"]
[Round "1"]
[White "Sarihan, Mustafa"]
[Black "Miranda, Marcus"]
[Result "0-1"]
[WhiteElo "1585"]
[BlackElo "1841"]
[PlyCount "54"]
[EventDate "2007.??.??"]
[EventType "tourn (corr)"]
[EventRounds "4"]
[SourceTitle "Corr 2022"]
[Source "ChessBase"]
[SourceDate "2021.10.24"]
[SourceVersion "1"]
[SourceVersionDate "2021.10.24"]
[SourceQuality "1"]

1. d4 Nf6 2. c4 e6 3. Nf3 d5 4. Nc3 Be7 5. Bg5 0-0 6. e3 h6 7. Bh4 b6 8. Rc1 Bb7 9. Be2 Nbd7 10. 0-0 c5 11. cxd5 Nxd5 12. Bxe7 Qxe7 13. Nxd5 Bxd5 14. Qc2 a5 15. Rfd1 Rac8 16. e4 Bb7 17. d5 exd5 18. exd5 Qf6 19. Bc4 Rcd8 20. Re1 Rfe8 21. Rxe8+ Rxe8 22. Rd1 Rd8 23. Qe2 Qd6 24. Nd2 Nf6 25. Ne4 Nxe4 26. Qxe4 Rd7 27. Bd3 g6 0-1

[Event "FICGS class C 000047 email"]
[Site "FICGS email"]
[Date "2007.06.16"]
[Round "1"]
[White "Sarihan, Mustafa"]
[Black "Baker, Mark"]
[Result "1-0"]
[WhiteElo "1624"]
[BlackElo "1600"]
[PlyCount "23"]
[EventDate "2007.??.??"]
[EventType "tourn (corr)"]
[EventRounds "4"]
[SourceTitle "Corr 2022"]
[Source "ChessBase"]
[SourceDate "2021.10.24"]
[SourceVersion "1"]
[SourceVersionDate "2021.10.24"]
[SourceQuality "1"]

1. e4 c6 2. d4 Qc7 3. Nc3 Nf6 4. Nf3 g6 5. e5 Nd5 6. Nxd5 cxd5 7. c3 Nc6 8. Qb3 e6 9. Bg5 Bg7 10. Bf4 0-0 11. Bd3 b6 12. Qc2 1-0

[Event "FICGS class C 000046 email"]
[Site "FICGS email"]
[Date "2007.06.09"]
[Round "1"]
[White "Miranda, Marcus"]
[Black "Sarihan, Mustafa"]
[Result "1-0"]
[WhiteElo "1691"]
[BlackElo "1624"]
[PlyCount "31"]
[EventDate "2007.??.??"]
[EventType "tourn (corr)"]
[EventRounds "4"]
[SourceTitle "Corr 2022"]
[Source "ChessBase"]
[SourceDate "2021.10.24"]
[SourceVersion "1"]
[SourceVersionDate "2021.10.24"]
[SourceQuality "1"]

1. Nf3 d5 2. d4 c6 3. c4 dxc4 4. e3 b5 5. a4 Qc7 6. b3 cxb3 7. axb5 cxb5 8. Bxb5+ Bd7 9. Na3 Bxb5 10. Nxb5 Qc4 11. Qe2 Qc8 12. Bb2 Nc6 13. 0-0 Qb7 14. d5 Nb4 15. Rfc1 Nc2 16. Qc4 1-0

[Event "FICGS class C 000045 email"]
[Site "FICGS email"]
[Date "2007.06.03"]
[Round "1"]
[White "Lopez, Victor"]
[Black "Sarihan, Mustafa"]
[Result "1-0"]
[WhiteElo "1627"]
[BlackElo "1624"]
[PlyCount "51"]
[EventDate "2007.??.??"]
[EventType "tourn (corr)"]
[EventRounds "4"]
[SourceTitle "Corr 2022"]
[Source "ChessBase"]
[SourceDate "2021.10.24"]
[SourceVersion "1"]
[SourceVersionDate "2021.10.24"]
[SourceQuality "1"]

1. e4 c5 2. Nf3 Nc6 3. d4 cxd4 4. Nxd4 e6 5. Nb5 Nf6 6. N1c3 Bb4 7. a3 Bxc3+ 8. Nxc3 d5 9. exd5 exd5 10. Bd3 0-0 11. 0-0 Bg4 12. f3 Be6 13. Re1 Re8 14. Bg5 h6 15. Bh4 Rc8 16. Qd2 a6 17. Na4 g5 18. Bf2 Nd7 19. h4 d4 20. b3 Qf6 21. hxg5 Qxg5 22. Qxg5+ hxg5 23. b4 b5 24. Nc5 Nxc5 25. bxc5 Kf8 26. Be4 1-0

[Event "FICGS class C 000045 email"]
[Site "FICGS email"]
[Date "2007.06.03"]
[Round "1"]
[White "Miranda, Marcus"]
[Black "Sarihan, Mustafa"]
[Result "1-0"]
[WhiteElo "1691"]
[BlackElo "1624"]
[PlyCount "69"]
[EventDate "2007.??.??"]
[EventType "tourn (corr)"]
[EventRounds "4"]
[SourceTitle "Corr 2022"]
[Source "ChessBase"]
[SourceDate "2021.10.24"]
[SourceVersion "1"]
[SourceVersionDate "2021.10.24"]
[SourceQuality "1"]

1. d4 d5 2. c4 c6 3. Nf3 dxc4 4. e3 b5 5. a4 Qc7 6. b3 cxb3 7. axb5 cxb5 8. Bxb5+ Bd7 9. Bd3 a5 10. 0-0 a4 11. Ne5 Nh6 12. Qf3 Ra7 13. Bb2 Qb7 14. Be4 Qb4 15. Nxd7 Kxd7 16. Nc3 Kd8 17. Qe2 e6 18. Nb5 Ra5 19. Bd3 Qe7 20. Bc4 Qb7 21. d5 Nd7 22. dxe6 fxe6 23. Rfd1 Ke7 24. Nd4 Rg5 25. f4 Rg6 26. Rxa4 Nf5 27. Nxf5+ exf5 28. Qd2 Qc6 29. Ra6 Rxg2+ 30. Qxg2 Qxg2+ 31. Kxg2 Ke8 32. Ra8+ Ke7 33. Ra7 Ke8 34. Rdxd7 Be7 35. Rxe7+ 1-0

[Event "FICGS class C 000045 email"]
[Site "FICGS email"]
[Date "2007.06.03"]
[Round "1"]
[White "Wyborn, Graham"]
[Black "Sarihan, Mustafa"]
[Result "1-0"]
[WhiteElo "1890"]
[BlackElo "1624"]
[PlyCount "59"]
[EventDate "2007.??.??"]
[EventType "tourn (corr)"]
[EventRounds "4"]
[SourceTitle "Corr 2022"]
[Source "ChessBase"]
[SourceDate "2021.10.24"]
[SourceVersion "1"]
[SourceVersionDate "2021.10.24"]
[SourceQuality "1"]

1. d4 Nf6 2. c4 e6 3. Nf3 d5 4. e3 c6 5. Nc3 Nbd7 6. Qc2 Bd6 7. Bd2 0-0 8. h3 b6 9. cxd5 exd5 10. Bd3 c5 11. 0-0 Re8 12. e4 c4 13. Be2 Nxe4 14. Nxe4 dxe4 15. Ng5 b5 16. Nxe4 Nf6 17. Ba5 Qxa5 18. Nxd6 Rd8 19. Nxc8 Raxc8 20. a4 Rxd4 21. axb5 Qxb5 22. Rxa7 Rcd8 23. Rfa1 Qd5 24. R7a5 Qe4 25. Qxe4 Nxe4 26. R5a4 Nd2 27. Ra8 g6 28. Rxd8+ Rxd8 29. Rd1 Rd4 30. f3 1-0

[Event "FICGS class C 000043 email"]
[Site "FICGS email"]
[Date "2007.05.12"]
[Round "1"]
[White "Gommo, Gaspare"]
[Black "Sarihan, Mustafa"]
[Result "1-0"]
[WhiteElo "1617"]
[BlackElo "1624"]
[PlyCount "51"]
[EventDate "2007.??.??"]
[EventType "tourn (corr)"]
[EventRounds "4"]
[SourceTitle "Corr 2022"]
[Source "ChessBase"]
[SourceDate "2021.10.24"]
[SourceVersion "1"]
[SourceVersionDate "2021.10.24"]
[SourceQuality "1"]

1. e4 c5 2. Nf3 Nc6 3. d4 cxd4 4. Nxd4 Qa5+ 5. Nc3 Nxd4 6. Qxd4 e5 7. Qc4 Nf6 8. Bd2 Qb6 9. 0-0-0 Qc6 10. Nb5 Bc5 11. Bb4 a6 12. Nc7+ Qxc7 13. Bxc5 b5 14. Qb4 Qc6 15. Bd6 Nxe4 16. Bxe5 f6 17. Bd6 Bb7 18. f3 Nxd6 19. Rxd6 Qc7 20. Bd3 0-0 21. Rd1 Bc6 22. Bf5 Rac8 23. Qh4 h6 24. Qh5 Rf7 25. Qg6 Kf8 26. Qh7 1-0

[Event "FICGS class C 000043 email"]
[Site "FICGS email"]
[Date "2007.05.12"]
[Round "1"]
[White "Sarihan, Mustafa"]
[Black "Miranda, Marcus"]
[Result "0-1"]
[WhiteElo "1624"]
[BlackElo "1691"]
[PlyCount "96"]
[EventDate "2007.??.??"]
[EventType "tourn (corr)"]
[EventRounds "4"]
[SourceTitle "Corr 2022"]
[Source "ChessBase"]
[SourceDate "2021.10.24"]
[SourceVersion "1"]
[SourceVersionDate "2021.10.24"]
[SourceQuality "1"]

1. d4 Nf6 2. c4 e6 3. Nf3 d5 4. Nc3 c6 5. e3 Nbd7 6. Bd3 dxc4 7. Bxc4 b5 8. Bd3 Bb7 9. 0-0 a6 10. Qe2 c5 11. Rd1 Qc7 12. dxc5 Nxc5 13. Bc2 b4 14. Nb1 Be7 15. Nbd2 0-0 16. a3 a5 17. Nd4 Ba6 18. Qf3 Rfc8 19. b3 a4 20. axb4 axb3 21. Bxh7+ Nxh7 22. bxc5 Bb7 23. Rxa8 Bxf3 24. Rxc8+ Qxc8 25. N4xf3 Qxc5 26. Nd4 e5 27. N4xb3 Qc2 28. Re1 Nf6 29. e4 Bb4 30. Na1 Qa2 31. Nab3 Ne8 32. f3 Nd6 33. Kf2 Nb7 34. g3 Bxd2 35. Nxd2 Nc5 36. Ke2 Qc2 37. Bb2 Qxb2 38. Rb1 Qc2 39. Rb6 Ne6 40. Rxe6 fxe6 41. h3 Qc5 42. g4 Qg1 43. Nc4 Qh1 44. Ne3 Qh2+ 45. Kf1 Qxh3+ 46. Kf2 Qh2+ 47. Ke1 Kf7 48. Kf1 Qd2 0-1

[Event "FICGS rapid B 000041 email"]
[Site "FICGS email"]
[Date "2007.03.09"]
[Round "1"]
[White "Burrows, Nick"]
[Black "Sarihan, Mustafa"]
[Result "1-0"]
[WhiteElo "1400"]
[BlackElo "1633"]
[PlyCount "107"]
[EventDate "2007.??.??"]
[EventType "tourn (rapid)"]
[EventRounds "6"]
[SourceTitle "Corr 2022"]
[Source "ChessBase"]
[SourceDate "2021.10.24"]
[SourceVersion "1"]
[SourceVersionDate "2021.10.24"]
[SourceQuality "1"]

1. c4 e5 2. Nc3 Nf6 3. Nf3 Nc6 4. g3 d5 5. cxd5 Nxd5 6. Bg2 Nxc3 7. bxc3 e4 8. Ng1 f5 9. Nh3 Bc5 10. 0-0 0-0 11. d3 Qf6 12. Nf4 Qxc3 13. Rb1 Qe5 14. dxe4 fxe4 15. Qc2 Re8 16. Qc4+ Kh8 17. Rd1 Qf5 18. Rd5 Bxf2+ 19. Kf1 Ne5 20. Rxe5 Rxe5 21. Qxc7 Re8 22. Bb2 Qd7 23. Qxd7 Bxd7 24. Kxf2 e3+ 25. Kg1 Bc6 26. Bh3 Rad8 27. Bc3 Rd6 28. Rf1 Bd7 29. Bg2 Bc6 30. Nh5 Red8 31. Nxg7 Kg8 32. Nf5 Re6 33. Bh3 h5 34. Nd4 Red6 35. Be6+ Kh7 36. Bf5+ Kg8 37. Ne6 R8d7 38. Ng5 Re7 39. Bb4 Red7 40. Bc2 Kg7 41. Bb3 Kg6 42. h4 Rd2 43. Bc3 R7d6 44. Ne6 Rxe6 45. Bxe6 Rd8 46. Bb3 Be4 47. Rf6+ Kh7 48. Rf7+ Kh6 49. Re7 Bf5 50. Rxb7 Rd7 51. Rxd7 Bxd7 52. Bc4 Kg6 53. Ba6 Kf5 54. Bd4 1-0

[Event "FICGS rapid B 000041 email"]
[Site "FICGS email"]
[Date "2007.03.09"]
[Round "1"]
[White "Lopez, Victor"]
[Black "Sarihan, Mustafa"]
[Result "1/2-1/2"]
[WhiteElo "1700"]
[BlackElo "1633"]
[PlyCount "49"]
[EventDate "2007.??.??"]
[EventType "tourn (rapid)"]
[EventRounds "6"]
[SourceTitle "Corr 2022"]
[Source "ChessBase"]
[SourceDate "2021.10.24"]
[SourceVersion "1"]
[SourceVersionDate "2021.10.24"]
[SourceQuality "1"]

1. e4 e5 2. Bc4 Nf6 3. d4 exd4 4. Nf3 Nxe4 5. Qxd4 Nf6 6. Bg5 Nc6 7. Qe3+ Qe7 8. Qxe7+ Bxe7 9. Nc3 0-0 10. 0-0 d6 11. Nb5 Bg4 12. Nxc7 Rac8 13. Bxf6 Bxf6 14. Nd5 Bxb2 15. Rab1 Bxf3 16. gxf3 Bd4 17. Rxb7 Na5 18. Ne7+ Kh8 19. Nxc8 Rxc8 20. Rfb1 Nxb7 21. Rxb7 g6 22. Bb3 f5 23. Rd7 Rc6 24. Kf1 a5 25. f4 1/2-1/2

[Event "FICGS rapid B 000041 email"]
[Site "FICGS email"]
[Date "2007.03.09"]
[Round "1"]
[White "Oliveira, Carlos"]
[Black "Sarihan, Mustafa"]
[Result "0-1"]
[WhiteElo "1617"]
[BlackElo "1633"]
[PlyCount "34"]
[EventDate "2007.??.??"]
[EventType "tourn (rapid)"]
[EventRounds "6"]
[SourceTitle "Corr 2022"]
[Source "ChessBase"]
[SourceDate "2021.10.24"]
[SourceVersion "1"]
[SourceVersionDate "2021.10.24"]
[SourceQuality "1"]

1. d4 Nf6 2. c4 e6 3. Nf3 d5 4. Nc3 c6 5. Bg5 dxc4 6. e4 Be7 7. Bxc4 h6 8. Bxf6 Bxf6 9. 0-0 0-0 10. e5 Be7 11. Qe2 Nd7 12. Rac1 Qa5 13. Ne4 Nb6 14. Bb3 Rd8 15. Nc5 Nd5 16. Nd2 Nf4 17. Qe3 Rxd4 0-1

[Event "FICGS rapid B 000041 email"]
[Site "FICGS email"]
[Date "2007.03.09"]
[Round "1"]
[White "Sarihan, Mustafa"]
[Black "Flores, Luis"]
[Result "0-1"]
[WhiteElo "1633"]
[BlackElo "1700"]
[PlyCount "88"]
[EventDate "2007.??.??"]
[EventType "tourn (rapid)"]
[EventRounds "6"]
[SourceTitle "Corr 2022"]
[Source "ChessBase"]
[SourceDate "2021.10.24"]
[SourceVersion "1"]
[SourceVersionDate "2021.10.24"]
[SourceQuality "1"]

1. Nf3 d5 2. d4 e6 3. Bg5 Qd6 4. Nbd2 Nf6 5. Bxf6 gxf6 6. c3 f5 7. e3 Nd7 8. c4 dxc4 9. Nxc4 Qd5 10. Qb3 a5 11. Ncd2 Qxb3 12. Nxb3 Rg8 13. Rc1 Bd6 14. Rg1 a4 15. Nbd2 Nb6 16. Bd3 a3 17. b3 Nd5 18. Nc4 Bb4+ 19. Kf1 f6 20. h3 h5 21. Ncd2 Bc3 22. e4 Bb2 23. Rc4 Nc3 24. exf5 exf5 25. Rxc7 Nxa2 26. Nc4 Kd8 27. Rxc8+ Rxc8 28. Bxf5 Rc7 29. g3 b5 30. Nxb2 axb2 31. Kg2 Rc1 32. Rf1 Nc3 33. Nd2 Kc7 34. b4 Ra8 35. g4 hxg4 36. hxg4 Raa1 37. Bh7 Rxf1 38. Nxf1 b1Q 39. Bxb1 Rxb1 40. Ne3 Rxb4 41. Nf5 Ra4 42. Ng7 Kd7 43. Nh5 Rxd4 44. Nxf6+ Ke7 0-1

[Event "FICGS class C 000032 email"]
[Site "FICGS email"]
[Date "2007.03.03"]
[Round "1"]
[White "Kuuse, Klaus"]
[Black "Sarihan, Mustafa"]
[Result "1/2-1/2"]
[WhiteElo "1909"]
[BlackElo "1633"]
[PlyCount "26"]
[EventDate "2007.??.??"]
[EventType "tourn (corr)"]
[EventRounds "4"]
[SourceTitle "Corr 2022"]
[Source "ChessBase"]
[SourceDate "2021.10.24"]
[SourceVersion "1"]
[SourceVersionDate "2021.10.24"]
[SourceQuality "1"]

1. e4 c5 2. Nf3 Nc6 3. d4 cxd4 4. Nxd4 Qa5+ 5. Nc3 Nxd4 6. Qxd4 e5 7. Qd5 Bb4 8. Qxa5 Bxa5 9. Bd2 Nf6 10. f3 0-0 11. 0-0-0 a6 12. Nd5 Bxd2+ 13. Rxd2 Nxd5 1/2-1/2

[Event "FICGS class C 000032 email"]
[Site "FICGS email"]
[Date "2007.03.03"]
[Round "1"]
[White "Rotaru, Dan"]
[Black "Sarihan, Mustafa"]
[Result "1-0"]
[WhiteElo "1679"]
[BlackElo "1633"]
[PlyCount "57"]
[EventDate "2007.??.??"]
[EventType "tourn (corr)"]
[EventRounds "4"]
[SourceTitle "Corr 2022"]
[Source "ChessBase"]
[SourceDate "2021.10.24"]
[SourceVersion "1"]
[SourceVersionDate "2021.10.24"]
[SourceQuality "1"]

1. d4 Nf6 2. Bg5 e6 3. e4 h6 4. Bxf6 Qxf6 5. Nc3 Bb4 6. Nf3 Bxc3+ 7. bxc3 d6 8. e5 dxe5 9. Nxe5 Nd7 10. Bb5 c6 11. Ng4 Qg5 12. Bd3 Qa5 13. Qd2 c5 14. Rd1 Qxa2 15. 0-0 Qd5 16. Ne3 Qd6 17. d5 exd5 18. Nf5 Qf6 19. Rfe1+ Kd8 20. Ne3 Re8 21. Bb5 Re5 22. Nxd5 Rxe1+ 23. Qxe1 Qe6 24. Qd2 Qd6 25. Qd3 Rb8 26. Qh7 Qf8 27. Qf5 Qe8 28. Qf4 Qe5 29. Qxf7 1-0

[Event "FICGS theme 0000 email"]
[Site "FICGS email"]
[Date "2007.02.28"]
[Round "1"]
[White "Vasquez, Fernando Jose Pinto"]
[Black "Sarihan, Mustafa"]
[Result "1-0"]
[WhiteElo "1657"]
[BlackElo "1599"]
[PlyCount "67"]
[EventDate "2007.??.??"]
[EventType "swiss (corr)"]
[EventRounds "1"]
[SourceTitle "Corr 2022"]
[Source "ChessBase"]
[SourceDate "2021.10.24"]
[SourceVersion "1"]
[SourceVersionDate "2021.10.24"]
[SourceQuality "1"]

1. a4 e5 2. h4 d5 3. e3 Be7 4. d4 exd4 5. exd4 Bxh4 6. Nc3 Be7 7. Bf4 c6 8. Qf3 Nf6 9. Bd3 Qb6 10. Nge2 Na6 11. Be5 Nb4 12. 0-0-0 Be6 13. Bf5 Bxf5 14. Qxf5 h6 15. Ng3 Kd8 16. Kb1 Rc8 17. Qf3 Ne8 18. Nf5 f6 19. Bg3 Bf8 20. Rhe1 Nc7 21. Qh5 Nba6 22. Bd6 Bxd6 23. Nxd6 Qb4 24. Nf7+ Kd7 25. Qf5+ Ne6 26. Rxe6 Kc7 27. Qf4+ Kd7 28. Rde1 Rce8 29. Rxe8 Rxe8 30. Qf5+ Kc7 31. Rxe8 Kb6 32. Nxd5+ cxd5 33. Re6+ Kc7 34. Qxd5 1-0

[Event "FICGS rapid B 000040 email"]
[Site "FICGS email"]
[Date "2007.02.27"]
[Round "1"]
[White "Sarihan, Mustafa"]
[Black "Miranda, Marcus"]
[Result "1/2-1/2"]
[WhiteElo "1599"]
[BlackElo "1481"]
[PlyCount "35"]
[EventDate "2007.??.??"]
[EventType "tourn (rapid)"]
[EventRounds "6"]
[SourceTitle "Corr 2022"]
[Source "ChessBase"]
[SourceDate "2021.10.24"]
[SourceVersion "1"]
[SourceVersionDate "2021.10.24"]
[SourceQuality "1"]

1. c4 e6 2. d4 d5 3. Nf3 c5 4. cxd5 exd5 5. Nc3 Nc6 6. dxc5 Nf6 7. Bg5 Be7 8. e3 0-0 9. Qb3 Bxc5 10. Bxf6 Qxf6 11. Nxd5 Qg6 12. Rc1 Bd6 13. Nd2 Be6 14. Bd3 Qg4 15. Be4 Bb4 16. Bf3 Bxd5 17. Qxd5 Qg6 18. Qe4 1/2-1/2

[Event "FICGS class D 000033 email"]
[Site "FICGS email"]
[Date "2007.02.27"]
[Round "1"]
[White "Sarihan, Mustafa"]
[Black "Stoyanov, Zdravko"]
[Result "1-0"]
[WhiteElo "1599"]
[BlackElo "1400"]
[PlyCount "67"]
[EventDate "2007.??.??"]
[EventType "tourn (corr)"]
[EventRounds "6"]
[SourceTitle "Corr 2022"]
[Source "ChessBase"]
[SourceDate "2021.10.24"]
[SourceVersion "1"]
[SourceVersionDate "2021.10.24"]
[SourceQuality "1"]

1. d4 d5 2. c4 e6 3. Nf3 Bb4+ 4. Bd2 Bxd2+ 5. Nbxd2 dxc4 6. Nxc4 Nf6 7. e3 0-0 8. Rc1 b5 9. Nce5 a6 10. Qc2 h6 11. Qxc7 Nd5 12. Qxd8 Rxd8 13. Be2 f6 14. Nd3 Bb7 15. Nc5 Bc8 16. 0-0 Nb4 17. a3 N4c6 18. Rfd1 Kf7 19. b3 b4 20. axb4 Nxb4 21. Bc4 Na2 22. Ra1 Nc3 23. Rd2 Nc6 24. Rc1 Ne4 25. Nxe4 f5 26. Nc5 Nb4 27. Ne5+ Kf6 28. Ncd3 Nxd3 29. Bxd3 a5 30. Rc7 a4 31. Rf7+ Kg5 32. f4+ Kh5 33. Be2+ Kh4 34. Ng6# 1-0

[Event "FICGS class D 000033 email"]
[Site "FICGS email"]
[Date "2007.02.27"]
[Round "1"]
[White "Sarihan, Mustafa"]
[Black "Weidemann, Jaap"]
[Result "1/2-1/2"]
[WhiteElo "1599"]
[BlackElo "1400"]
[PlyCount "75"]
[EventDate "2007.??.??"]
[EventType "tourn (corr)"]
[EventRounds "6"]
[SourceTitle "Corr 2022"]
[Source "ChessBase"]
[SourceDate "2021.10.24"]
[SourceVersion "1"]
[SourceVersionDate "2021.10.24"]
[SourceQuality "1"]

1. e4 c5 2. Nf3 d6 3. d4 cxd4 4. Nxd4 e5 5. Bb5+ Bd7 6. Bxd7+ Qxd7 7. Nb3 Be7 8. Nc3 Nf6 9. Bg5 0-0 10. 0-0 Nc6 11. Bxf6 Bxf6 12. Qd2 Rac8 13. Rad1 Rfd8 14. Nd5 Qe6 15. c3 Ne7 16. Qe3 b6 17. Rd3 Nxd5 18. Rxd5 Be7 19. f3 Qd7 20. Rfd1 Qa4 21. Nc1 h6 22. Qe1 a6 23. a3 Rc5 24. R5d2 Rc6 25. Na2 a5 26. Nc1 Rc7 27. Rd3 Rdc8 28. Rd5 Rc5 29. R5d2 g6 30. Nd3 Rb5 31. Re2 Bg5 32. Nf2 Rd8 33. Nh3 Be7 34. Red2 Rc8 35. Qe2 h5 36. Nf2 Qb3 37. Kh1 Kg7 38. Qe3 1/2-1/2

[Event "FICGS W-ch st1 g01 email"]
[Site "FICGS email"]
[Date "2007.01.16"]
[Round "1"]
[White "Sarihan, Mustafa"]
[Black "Satonnet, Patrick"]
[Result "0-1"]
[WhiteElo "1599"]
[BlackElo "1933"]
[PlyCount "74"]
[EventDate "2007.??.??"]
[EventType "tourn (corr)"]
[EventRounds "8"]
[SourceTitle "Corr 2022"]
[Source "ChessBase"]
[SourceDate "2021.10.24"]
[SourceVersion "1"]
[SourceVersionDate "2021.10.24"]
[SourceQuality "1"]

1. e4 e6 2. d4 d5 3. Nd2 c5 4. dxc5 Bxc5 5. Nb3 Bb6 6. exd5 exd5 7. Nf3 Nf6 8. c3 0-0 9. Be2 Nc6 10. 0-0 Re8 11. Bg5 a6 12. Bh4 h6 13. Re1 g5 14. Bg3 Ne4 15. Nfd4 f5 16. Bh5 Re7 17. h3 Bd7 18. Bf3 f4 19. Bh2 Qf8 20. Nd2 Nxd4 21. cxd4 Nf6 22. Qb3 Bxd4 23. Bxd5+ Kg7 24. Rxe7+ Qxe7 25. Bf3 Rc8 26. Rd1 b5 27. Nf1 Be6 28. Qd3 Bxb2 29. Re1 Rc1 30. Rxc1 Bxc1 31. a4 b4 32. Qxa6 b3 33. Bd1 Bd5 34. h4 b2 35. Bc2 Be4 36. Qc8 Bxc2 37. Qxc2 Qe4 0-1